000 00289nam a22001337a 4500
008 170904b xxu||||| |||| 00| 0 eng d
020 _a0201162071
041 _aeng
080 _a070
100 _a40
101 _aMED
245 _aMEDIA IMAGES & ISSUES
_cCARPENTER,D
942 _2udc
_cBK
999 _c26028
_d26028